000 00439nam a2200181Ia 4500
001 9149
005 20260306160702.0
008 260306t2004||||xx |||||||||||||| ||spa||
041 _aESP
082 _a373.012
_bR93
100 _aRuiz, José M.
_eAUT
245 0 _aCómo hacer una evaluacion de centros educativos
260 _c2004
300 _a350 páginas :
_c24 cm.
650 _aGEN
654 _aCED
942 _cLIB
_dJUS
_fJUS
_2ddc
_n
999 _c9149
_d9149